| 000 | 00601nam a2200241Ia 4500 | ||
|---|---|---|---|
| 008 | 160819s9999 xx 000 0 und d | ||
| 020 | _a1-7412-1940-X | ||
| 050 | _aCUL TX 740 | ||
| 050 | _b.F56 2005 | ||
| 245 | _aFinger food / | ||
| 245 | _cJody Vassallo, food editor. | ||
| 260 | _aAustralia : | ||
| 260 | _bHinkler Books Pty. Ltd., | ||
| 260 | _c2005 | ||
| 300 | _a63 pages : | ||
| 300 | _bcolor illustrations ; | ||
| 300 | _c21 cm. | ||
| 440 | _aEssential cooking series | ||
| 500 | _aIncludes index. | ||
| 650 | _aCooking. | ||
| 650 | _aSnack foods. | ||
| 650 | _xAppetizers. | ||
| 999 |
_c300683 _d300683 |
||